1492 1122 1858 1726 1815 1289 1116 1171 1395 1410 1722 1219 1364 1474 1498 1146 1319 1571 1158 1512 1239 1771 1872 1486 1780 1852 1205 1326 1379 1199 1463 1867 1614 1960 1734 1746 1273 1328 1459 1411 1710 1740 1333 1485 1867 1590 1029 1112 1895 1416 1544 1602 1679 1962 1744 1377 1635 1369 1182 1681 1538 1379 1727 1211 1564 1250 1789 1925 1783 1606 1259 1981 1100 1863 1203 1331 1814 1310 1201 1162 1148 1873 1264 1406 1685 1573 1996 1839 1903 1378 1244 1849 1419 1599 1681 1385 1173 1767 1056 BCNSPRNW ULIB Ver.6.0+V

เปลี่ยนเป็นภาษาไทย

Change to English
 แสดงรายละเอียดบรรณานุกรม
  กลับหน้าหลัก

Brief Record : Get Marc (ISO 2709) : E-mail record : QR code < ปิดหน้าต่าง
LEADER : 00000nam 2200000uu 4500
001    13399108706
003     ULIB
008    110311s2553||||th 000 0 tha d
020    9786167098265
060  4 QZ200^bอ663ด 2553
100 0  อารีรัช เพ็ญดิศา
245 00 ดูแลชีวิตพิชิตมะเร็งร้าย/^cอารีรัช เพ็ญดิศา
260    กรุงเทพฯ:^bFeel good Publishing,^c2553
300    224 หน้า
650  7 สุขภาพ
945    ^p165^l0^i028416
995    ทศพร
999 ^a ใช้งานได้ทุกระบบ
รายการนี้ยังไม่มีแท็ก
คุณยังไม่ได้ล็อกอิน คุณสามารถมีกิจกรรมร่วมกับเว็บไซต์ได้ แต่ต้องล็อกอินก่อน ::
  ล็อกอิน

รายการสื่อสารสนเทศ

ลำดับที่ ประเภท เลขเรียก/บาร์โค้ด สถานที่ สถานะ
- ไม่พบข้อมูล -

รายการใกล้เคียง
    ผู้แต่ง [อารีรัช เพ็ญดิศา]

    หัวเรื่อง [สุขภาพ]

BibComment


ยังไม่เคยถูกคอมเมนท์

คอมเมนท์ทรัพยากรรายการนี้
  คอมเมนท์: ดูแลชีวิตพิชิตมะเ..


 Copyright 2026. Bcnsprnw @Library